000
00377nam a2200145Ia 4500
008
100122s9999 xx 000 0 und d
082
_b
53459
_a
920.054
100
_a
अकोलकर प्रकाश
245
_a
झोत
260
_b
रामनाथ आंबेरकर
_c
1997
300
_a
189
630
_a
झोत
730
_a
झोत
942
_c
BOOK
999
_c
430472
_d
430469